[Event "DEM U10 2025"]
[Site "Willingen GER"]
[Date "2025.06.09"]
[Round "3"]
[White "Vranckx, Gabriel"]
[Black "Stojanoski, Stefan"]
[Result "0-1"]
[Termination "normal"]
[Board "17"]
[WhiteElo "1627"]
[BlackElo "1670"]
[WhiteClock "00:26:34"]
[BlackClock "00:47:30"]
[PlyCount "92"]
[WhiteFideId "533031266"]
[BlackFideId "34632948"]
[EventCountry "GER"]
[EventRounds "9"]
[EventType "swiss"]
[EventDate "2025.06.07"]

1. e4 {[%clk 01:30:56]} {[%emt 00:00:03]} e5 {[%clk 01:30:57]} {[%emt
00:00:04]} 2. Nf3 {[%clk 01:31:16]} {[%emt 00:00:10]} Nc6 {[%clk 01:31:25]}
{[%emt 00:00:02]} 3. d4 {[%clk 01:31:18]} {[%emt 00:00:28]} exd4 {[%clk
01:31:51]} {[%emt 00:00:04]} 4. Nxd4 {[%clk 01:31:25]} {[%emt 00:00:22]} Qf6
{[%clk 01:32:18]} {[%emt 00:00:03]} 5. Be3 {[%clk 01:31:22]} {[%emt 00:00:33]}
Bc5 {[%clk 01:32:40]} {[%emt 00:00:07]} 6. c3 {[%clk 01:31:25]} {[%emt
00:00:28]} Nge7 {[%clk 01:31:56]} {[%emt 00:01:14]} 7. Bc4 {[%clk 01:31:24]}
{[%emt 00:00:31]} Nxd4 {[%clk 01:30:51]} {[%emt 00:01:34]} 8. Bxd4 {[%clk
01:31:17]} {[%emt 00:00:38]} Bxd4 {[%clk 01:31:10]} {[%emt 00:00:10]} 9. Qxd4
{[%clk 01:30:57]} {[%emt 00:00:51]} Qxd4 {[%clk 01:30:48]} {[%emt 00:00:52]}
10. cxd4 {[%clk 01:31:08]} {[%emt 00:00:19]} d6 {[%clk 01:31:06]} {[%emt
00:00:12]} 11. Nc3 {[%clk 01:31:08]} {[%emt 00:00:30]} a6 {[%clk 01:29:02]}
{[%emt 00:02:33]} 12. a4 {[%clk 01:28:49]} {[%emt 00:02:50]} O-O {[%clk
01:28:27]} {[%emt 00:01:04]} 13. O-O {[%clk 01:23:48]} {[%emt 00:05:31]} Be6
{[%clk 01:23:59]} {[%emt 00:04:58]} 14. Bxe6 {[%clk 01:18:30]} {[%emt
00:05:48]} fxe6 {[%clk 01:23:49]} {[%emt 00:00:39]} 15. e5 {[%clk 01:12:56]}
{[%emt 00:06:05]} d5 {[%clk 01:22:13]} {[%emt 00:02:05]} 16. a5 {[%clk
01:05:50]} {[%emt 00:07:37]} Nc6 {[%clk 01:21:21]} {[%emt 00:01:22]} 17. Rfd1
{[%clk 01:02:45]} {[%emt 00:03:35]} Rf7 {[%clk 01:17:25]} {[%emt 00:04:26]} 18.
g3 {[%clk 01:01:51]} {[%emt 00:01:24]} Rf3 {[%clk 01:14:54]} {[%emt 00:03:01]}
19. Ne2 {[%clk 00:57:39]} {[%emt 00:04:42]} Rb3 {[%clk 01:13:46]} {[%emt
00:01:29]} 20. Rd2 {[%clk 00:54:52]} {[%emt 00:03:26]} Rb5 {[%clk 01:12:38]}
{[%emt 00:01:39]} 21. Rc2 {[%clk 00:54:41]} {[%emt 00:00:41]} Rc8 {[%clk
01:12:56]} {[%emt 00:00:11]} 22. f4 {[%clk 00:45:35]} {[%emt 00:09:36]} Rxa5
{[%clk 01:10:53]} {[%emt 00:02:34]} 23. Rxa5 {[%clk 00:45:49]} {[%emt
00:00:16]} Nxa5 {[%clk 01:11:16]} {[%emt 00:00:07]} 24. b4 {[%clk 00:45:10]}
{[%emt 00:01:09]} Nc6 {[%clk 01:10:17]} {[%emt 00:01:28]} 25. Rb2 {[%clk
00:45:24]} {[%emt 00:00:18]} b6 {[%clk 01:09:31]} {[%emt 00:01:14]} 26. b5
{[%clk 00:45:24]} {[%emt 00:00:30]} axb5 {[%clk 01:09:57]} {[%emt 00:00:05]}
27. Rxb5 {[%clk 00:45:39]} {[%emt 00:00:14]} Ra8 {[%clk 01:09:26]} {[%emt
00:01:00]} 28. Rb2 {[%clk 00:45:28]} {[%emt 00:00:41]} Ra7 {[%clk 01:04:55]}
{[%emt 00:05:02]} 29. Rc2 {[%clk 00:42:49]} {[%emt 00:03:09]} Nb4 {[%clk
01:04:06]} {[%emt 00:01:19]} 30. Rb2 {[%clk 00:41:18]} {[%emt 00:02:01]} Ra2
{[%clk 00:59:47]} {[%emt 00:04:35]} 31. Rxb4 {[%clk 00:40:59]} {[%emt
00:01:03]} Rxe2 {[%clk 01:00:10]} {[%emt 00:00:07]} 32. Rb3 {[%clk 00:41:22]}
{[%emt 00:00:07]} Rc2 {[%clk 01:00:27]} {[%emt 00:00:12]} 33. g4 {[%clk
00:41:16]} {[%emt 00:00:37]} g6 {[%clk 01:00:43]} {[%emt 00:00:14]} 34. h4
{[%clk 00:41:36]} {[%emt 00:00:11]} Rc4 {[%clk 01:01:00]} {[%emt 00:00:12]} 35.
Rd3 {[%clk 00:41:37]} {[%emt 00:00:30]} b5 {[%clk 01:00:57]} {[%emt 00:00:32]}
36. Kf2 {[%clk 00:41:45]} {[%emt 00:00:21]} b4 {[%clk 01:00:43]} {[%emt
00:00:44]} 37. Ke3 {[%clk 00:42:02]} {[%emt 00:00:13]} Kf7 {[%clk 00:59:01]}
{[%emt 00:02:13]} 38. Rb3 {[%clk 00:39:16]} {[%emt 00:03:17]} h5 {[%clk
00:54:34]} {[%emt 00:04:56]} 39. g5 {[%clk 00:39:07]} {[%emt 00:00:39]} Ke8
{[%clk 00:52:45]} {[%emt 00:02:20]} 40. Kd3 {[%clk 00:38:42]} {[%emt 00:00:55]}
Kd7 {[%clk 00:53:07]} {[%emt 00:00:08]} 41. Rb2 {[%clk 00:36:47]} {[%emt
00:02:26]} Rc3+ {[%clk 00:51:12]} {[%emt 00:02:24]} 42. Ke2 {[%clk 00:34:00]}
{[%emt 00:03:17]} b3 {[%clk 00:50:39]} {[%emt 00:01:03]} 43. Rb1 {[%clk
00:31:11]} {[%emt 00:03:19]} Rh3 {[%clk 00:48:31]} {[%emt 00:02:37]} 44. Kf2
{[%clk 00:29:36]} {[%emt 00:02:03]} Rd3 {[%clk 00:47:57]} {[%emt 00:01:06]} 45.
Ke2 {[%clk 00:26:34]} {[%emt 00:03:34]} Rxd4 {[%clk 00:47:30]} {[%emt
00:00:56]} 46. Ke3 Rb4 {[%clk 00:47:30]} 0-1

[Event "DEM U10 2025"]
[Site "Willingen GER"]
[Date "2025.06.09"]
[Round "3"]
[White "Bentele, Otto"]
[Black "Durst, Lorenz"]
[Result "0-1"]
[Termination "normal"]
[Board "18"]
[WhiteElo "1510"]
[BlackElo "1429"]
[WhiteClock "01:06:40"]
[BlackClock "01:27:15"]
[PlyCount "54"]
[WhiteFideId "34653643"]
[BlackFideId "533043493"]
[EventCountry "GER"]
[EventRounds "9"]
[EventType "swiss"]
[EventDate "2025.06.07"]

1. e4 {[%clk 01:30:59]} {[%emt 00:00:01]} e5 {[%clk 01:30:52]} {[%emt
00:00:07]} 2. Nf3 {[%clk 01:31:23]} {[%emt 00:00:06]} Nc6 {[%clk 01:31:19]}
{[%emt 00:00:04]} 3. Bc4 {[%clk 01:31:18]} {[%emt 00:00:34]} Nf6 {[%clk
01:30:55]} {[%emt 00:00:54]} 4. Ng5 {[%clk 01:30:42]} {[%emt 00:01:07]} d5
{[%clk 01:30:45]} {[%emt 00:00:40]} 5. exd5 {[%clk 01:30:46]} {[%emt 00:00:25]}
Na5 {[%clk 01:31:06]} {[%emt 00:00:10]} 6. d3 {[%clk 01:30:14]} {[%emt
00:01:02]} Nxc4 {[%clk 01:31:08]} {[%emt 00:00:28]} 7. dxc4 {[%clk 01:30:29]}
{[%emt 00:00:15]} c6 {[%clk 01:31:22]} {[%emt 00:00:16]} 8. dxc6 {[%clk
01:29:48]} {[%emt 00:01:10]} Qxd1+ {[%clk 01:31:37]} {[%emt 00:00:15]} 9. Kxd1
{[%clk 01:29:48]} {[%emt 00:00:30]} bxc6 {[%clk 01:31:49]} {[%emt 00:00:18]}
10. Re1 {[%clk 01:29:38]} {[%emt 00:00:39]} Bd6 {[%clk 01:31:47]} {[%emt
00:00:32]} 11. f4 {[%clk 01:29:40]} {[%emt 00:00:28]} Bg4+ {[%clk 01:31:56]}
{[%emt 00:00:21]} 12. Nf3 {[%clk 01:28:47]} {[%emt 00:01:23]} e4 {[%clk
01:31:43]} {[%emt 00:00:43]} 13. h3 {[%clk 01:28:35]} {[%emt 00:00:42]} Bxf3+
{[%clk 01:31:30]} {[%emt 00:00:44]} 14. gxf3 {[%clk 01:28:05]} {[%emt
00:00:58]} O-O {[%clk 01:31:00]} {[%emt 00:01:01]} 15. fxe4 {[%clk 01:24:18]}
{[%emt 00:04:16]} Rad8 {[%clk 01:29:33]} {[%emt 00:01:58]} 16. Ke2 {[%clk
01:19:37]} {[%emt 00:05:11]} Nxe4 {[%clk 01:29:29]} {[%emt 00:00:34]} 17. Kf3
{[%clk 01:19:13]} {[%emt 00:00:50]} Nc5 {[%clk 01:28:11]} {[%emt 00:01:51]} 18.
b3 {[%clk 01:18:18]} {[%emt 00:01:25]} Ne6 {[%clk 01:27:57]} {[%emt 00:00:43]}
19. c3 {[%clk 01:16:35]} {[%emt 00:02:13]} Rfe8 {[%clk 01:28:15]} {[%emt
00:00:12]} 20. f5 {[%clk 01:14:43]} {[%emt 00:02:22]} Nd4+ {[%clk 01:26:49]}
{[%emt 00:01:56]} 21. cxd4 {[%clk 01:12:32]} {[%emt 00:02:42]} Rxe1 {[%clk
01:27:04]} {[%emt 00:00:14]} 22. Bd2 {[%clk 01:12:46]} {[%emt 00:00:16]} Rf1+
{[%clk 01:27:10]} {[%emt 00:00:25]} 23. Kg4 {[%clk 01:12:58]} {[%emt 00:00:17]}
Re8 {[%clk 01:26:20]} {[%emt 00:01:21]} 24. Bc3 {[%clk 01:12:53]} {[%emt
00:00:35]} Re2 {[%clk 01:26:32]} {[%emt 00:00:18]} 25. c5 {[%clk 01:12:46]}
{[%emt 00:00:37]} Rg2+ {[%clk 01:26:54]} {[%emt 00:00:08]} 26. Kh5 {[%clk
01:10:26]} {[%emt 00:02:50]} Rxf5+ {[%clk 01:26:58]} {[%emt 00:00:25]} 27. Kh4
{[%clk 01:06:40]} {[%emt 00:04:17]} Be7# {[%clk 01:27:15]} {[%emt 00:00:12]}
0-1

[Event "DEM U10 2025"]
[Site "Willingen GER"]
[Date "2025.06.09"]
[Round "3"]
[White "Schulze, Jonas"]
[Black "Frerich, Theo"]
[Result "1-0"]
[Termination "normal"]
[Board "19"]
[WhiteElo "1658"]
[BlackElo "1167"]
[WhiteClock "00:16:33"]
[BlackClock "00:30:21"]
[PlyCount "69"]
[WhiteFideId "34687912"]
[BlackFideId "533003505"]
[EventCountry "GER"]
[EventRounds "9"]
[EventType "swiss"]
[EventDate "2025.06.07"]

1. e4 {[%clk 01:30:56]} {[%emt 00:00:04]} e5 {[%clk 01:30:57]} {[%emt
00:00:03]} 2. Nf3 {[%clk 01:31:19]} {[%emt 00:00:07]} Nc6 {[%clk 01:31:24]}
{[%emt 00:00:04]} 3. Bc4 {[%clk 01:31:39]} {[%emt 00:00:10]} Bc5 {[%clk
01:31:41]} {[%emt 00:00:12]} 4. c3 {[%clk 01:31:35]} {[%emt 00:00:34]} Nf6
{[%clk 01:32:03]} {[%emt 00:00:09]} 5. d4 {[%clk 01:31:52]} {[%emt 00:00:12]}
exd4 {[%clk 01:32:23]} {[%emt 00:00:10]} 6. cxd4 {[%clk 01:32:03]} {[%emt
00:00:20]} Bb4+ {[%clk 01:32:42]} {[%emt 00:00:10]} 7. Nc3 {[%clk 01:31:27]}
{[%emt 00:01:06]} Nxe4 {[%clk 01:33:04]} {[%emt 00:00:08]} 8. O-O {[%clk
01:30:47]} {[%emt 00:01:09]} Bxc3 {[%clk 01:33:13]} {[%emt 00:00:21]} 9. d5
{[%clk 01:30:37]} {[%emt 00:00:39]} Bf6 {[%clk 01:33:22]} {[%emt 00:00:22]} 10.
Re1 {[%clk 01:29:33]} {[%emt 00:01:34]} O-O {[%clk 01:32:12]} {[%emt 00:01:41]}
11. Rxe4 {[%clk 01:28:25]} {[%emt 00:01:38]} Ne7 {[%clk 01:32:25]} {[%emt
00:00:17]} 12. d6 {[%clk 01:27:36]} {[%emt 00:01:18]} Nc6 {[%clk 01:31:02]}
{[%emt 00:01:53]} 13. Bf4 {[%clk 01:23:11]} {[%emt 00:04:55]} Bxb2 {[%clk
01:29:38]} {[%emt 00:01:54]} 14. dxc7 {[%clk 01:19:18]} {[%emt 00:04:23]} Qf6
{[%clk 01:29:48]} {[%emt 00:00:20]} 15. Bg5 {[%clk 01:15:32]} {[%emt 00:04:15]}
Qf5 {[%clk 01:25:41]} {[%emt 00:04:37]} 16. Rf4 {[%clk 01:15:19]} {[%emt
00:00:43]} Qa5 {[%clk 01:23:05]} {[%emt 00:03:06]} 17. Rb1 {[%clk 01:12:47]}
{[%emt 00:03:04]} Ne5 {[%clk 01:19:50]} {[%emt 00:03:43]} 18. Be7 {[%clk
00:57:48]} {[%emt 00:15:30]} Ng6 {[%clk 01:10:05]} {[%emt 00:10:15]} 19. Bb4
{[%clk 00:49:26]} {[%emt 00:08:52]} Qxc7 {[%clk 01:04:02]} {[%emt 00:06:33]}
20. Re4 {[%clk 00:47:05]} {[%emt 00:02:51]} d5 {[%clk 00:59:55]} {[%emt
00:04:38]} 21. Bxd5 {[%clk 00:43:33]} {[%emt 00:04:01]} Bf5 {[%clk 00:55:54]}
{[%emt 00:04:31]} 22. Rc4 {[%clk 00:40:49]} {[%emt 00:03:14]} Qd7 {[%clk
00:48:56]} {[%emt 00:07:28]} 23. Rxb2 {[%clk 00:39:46]} {[%emt 00:01:32]} Rfd8
{[%clk 00:42:49]} {[%emt 00:06:38]} 24. Rd2 {[%clk 00:38:31]} {[%emt 00:01:45]}
Qb5 {[%clk 00:36:48]} {[%emt 00:06:31]} 25. Rcd4 {[%clk 00:36:47]} {[%emt
00:02:14]} Rd7 {[%clk 00:36:19]} {[%emt 00:00:59]} 26. Ng5 {[%clk 00:34:57]}
{[%emt 00:02:19]} Ne5 {[%clk 00:33:09]} {[%emt 00:03:42]} 27. f4 {[%clk
00:24:11]} {[%emt 00:11:16]} Qb6 {[%clk 00:33:16]} {[%emt 00:00:23]} 28. Kh1
{[%clk 00:22:53]} {[%emt 00:01:47]} Bg4 {[%clk 00:32:33]} {[%emt 00:01:13]} 29.
Qe1 {[%clk 00:19:52]} {[%emt 00:03:31]} Nc4 {[%clk 00:30:26]} {[%emt 00:02:37]}
30. Rxc4 {[%clk 00:17:12]} {[%emt 00:03:10]} Rxd5 {[%clk 00:29:44]} {[%emt
00:01:12]} 31. Rxd5 {[%clk 00:16:52]} {[%emt 00:00:51]} Be6 {[%clk 00:30:05]}
{[%emt 00:00:08]} 32. Nxe6 {[%clk 00:16:59]} {[%emt 00:00:22]} Re8 {[%clk
00:30:20]} {[%emt 00:00:16]} 33. Qg1 {[%clk 00:16:31]} {[%emt 00:00:58]} Qxe6
{[%clk 00:30:32]} {[%emt 00:00:17]} 34. Re5 {[%clk 00:16:12]} {[%emt 00:00:50]}
Qxc4 {[%clk 00:30:21]} {[%emt 00:00:41]} 35. Rxe8# {[%clk 00:16:33]} {[%emt
00:00:09]} 1-0

[Event "DEM U10 2025"]
[Site "Willingen GER"]
[Date "2025.06.09"]
[Round "3"]
[White "Üstüntas, Nadir"]
[Black "Blem, Alexander jun."]
[Result "0-1"]
[Termination "normal"]
[Board "20"]
[WhiteElo "1179"]
[BlackElo "1417"]
[WhiteClock "01:08:25"]
[BlackClock "00:47:10"]
[PlyCount "70"]
[WhiteFideId "533004064"]
[BlackFideId "34674926"]
[EventCountry "GER"]
[EventRounds "9"]
[EventType "swiss"]
[EventDate "2025.06.07"]

1. d4 {[%clk 01:30:59]} {[%emt 00:00:01]} d5 {[%clk 01:30:59]} 2. c4 {[%clk
01:31:21]} {[%emt 00:00:09]} e6 {[%clk 01:31:25]} {[%emt 00:00:04]} 3. Nc3
{[%clk 01:31:44]} {[%emt 00:00:07]} Nf6 {[%clk 01:31:50]} {[%emt 00:00:04]} 4.
Bg5 {[%clk 01:32:06]} {[%emt 00:00:09]} Be7 {[%clk 01:32:16]} {[%emt 00:00:04]}
5. Nf3 {[%clk 01:32:26]} {[%emt 00:00:10]} O-O {[%clk 01:32:38]} {[%emt
00:00:06]} 6. e3 {[%clk 01:32:47]} {[%emt 00:00:11]} h6 {[%clk 01:32:13]}
{[%emt 00:00:54]} 7. Bh4 {[%clk 01:33:04]} {[%emt 00:00:13]} b6 {[%clk
01:32:32]} {[%emt 00:00:11]} 8. cxd5 {[%clk 01:32:43]} {[%emt 00:00:52]} Nxd5
{[%clk 01:32:56]} {[%emt 00:00:06]} 9. Bxe7 {[%clk 01:32:49]} {[%emt 00:00:24]}
Qxe7 {[%clk 01:33:19]} {[%emt 00:00:07]} 10. Nxd5 {[%clk 01:33:11]} {[%emt
00:00:08]} exd5 {[%clk 01:33:46]} {[%emt 00:00:04]} 11. Bd3 {[%clk 01:33:26]}
{[%emt 00:00:14]} Bg4 {[%clk 01:32:54]} {[%emt 00:01:22]} 12. O-O {[%clk
01:33:26]} {[%emt 00:00:30]} Nc6 {[%clk 01:30:55]} {[%emt 00:02:29]} 13. h3
{[%clk 01:33:44]} {[%emt 00:00:12]} Bc8 {[%clk 01:25:51]} {[%emt 00:05:34]} 14.
a3 {[%clk 01:33:56]} {[%emt 00:00:19]} a5 {[%clk 01:26:06]} {[%emt 00:00:15]}
15. Bb5 {[%emt 00:00:15]} Nd8 {[%clk 01:26:04]} {[%emt 00:00:28]} 16. Rc1
{[%clk 01:34:34]} {[%emt 00:00:09]} Ba6 {[%clk 01:25:44]} {[%emt 00:00:42]} 17.
Bxa6 {[%clk 01:34:53]} {[%emt 00:00:20]} Rxa6 {[%clk 01:26:10]} {[%emt
00:00:05]} 18. Qc2 {[%clk 01:34:49]} {[%emt 00:00:32]} Ne6 {[%clk 01:26:00]}
{[%emt 00:00:41]} 19. Ne5 {[%clk 01:34:35]} {[%emt 00:00:43]} Raa8 {[%emt
00:03:57]} 20. f4 {[%clk 01:32:35]} {[%emt 00:01:25]} Rac8 {[%clk 01:23:17]}
{[%emt 00:00:52]} 21. Rf3 {[%clk 01:32:28]} {[%emt 00:00:36]} c5 {[%clk
01:04:01]} {[%emt 00:19:47]} 22. f5 {[%clk 01:32:13]} {[%emt 00:01:31]} Ng5
{[%clk 01:04:23]} {[%emt 00:00:22]} 23. Rg3 {[%clk 01:31:49]} {[%emt 00:00:51]}
Ne4 {[%clk 01:02:01]} {[%emt 00:02:56]} 24. Rg4 {[%clk 01:25:46]} {[%emt
00:06:33]} c4 {[%clk 00:59:26]} {[%emt 00:03:05]} 25. Rf1 {[%clk 01:25:35]}
{[%emt 00:00:39]} b5 {[%clk 00:58:24]} {[%emt 00:01:34]} 26. Rgf4 {[%clk
01:13:08]} {[%emt 00:12:55]} Qd6 {[%emt 00:09:39]} 27. g4 {[%clk 01:10:23]} Rc7
{[%clk 00:49:32]} {[%emt 00:03:29]} 28. R1f2 {[%clk 01:09:34]} {[%emt
00:01:17]} Nxf2 {[%clk 00:49:24]} {[%emt 00:00:40]} 29. Qxf2 {[%clk 01:09:33]}
{[%emt 00:00:29]} b4 {[%clk 00:48:18]} {[%emt 00:01:38]} 30. axb4 {[%clk
01:09:50]} {[%emt 00:00:13]} axb4 {[%clk 00:48:42]} {[%emt 00:00:07]} 31. f6
{[%emt 00:01:55]} c3 {[%clk 00:47:40]} 32. bxc3 {[%clk 01:09:23]} {[%emt
00:01:02]} bxc3 {[%clk 00:47:38]} {[%emt 00:00:33]} 33. Nd3 {[%clk 01:09:32]}
{[%emt 00:00:21]} c2 {[%clk 00:47:35]} {[%emt 00:00:34]} 34. Nc1 {[%clk
01:08:51]} {[%emt 00:01:10]} Rb8 {[%clk 00:47:26]} {[%emt 00:00:39]} 35. Kh2
{[%clk 01:08:25]} {[%emt 00:00:50]} g5 {[%clk 00:47:10]} {[%emt 00:00:52]} 0-1

[Event "DEM U10 2025"]
[Site "Willingen GER"]
[Date "2025.06.09"]
[Round "3"]
[White "Rössling, Johannes"]
[Black "Fendel, Arsenij"]
[Result "0-1"]
[Termination "normal"]
[Board "21"]
[WhiteElo "1637"]
[BlackElo "1279"]
[WhiteClock "00:47:06"]
[BlackClock "00:50:15"]
[PlyCount "118"]
[WhiteFideId "34642773"]
[BlackFideId "533009635"]
[EventCountry "GER"]
[EventRounds "9"]
[EventType "swiss"]
[EventDate "2025.06.07"]

1. e4 {[%clk 01:30:57]} {[%emt 00:00:01]} b6 {[%clk 01:30:44]} {[%emt
00:00:17]} 2. d4 {[%clk 01:31:14]} {[%emt 00:00:12]} e6 {[%clk 01:31:06]}
{[%emt 00:00:09]} 3. Nc3 {[%clk 01:29:55]} {[%emt 00:01:48]} Bb4 {[%clk
01:30:09]} {[%emt 00:01:27]} 4. Bd2 {[%clk 01:24:39]} {[%emt 00:05:46]} Bb7
{[%clk 01:27:56]} {[%emt 00:02:44]} 5. d5 {[%clk 01:18:43]} {[%emt 00:06:26]}
Nf6 {[%clk 01:24:07]} {[%emt 00:04:18]} 6. Bc4 {[%clk 01:15:20]} {[%emt
00:03:54]} O-O {[%clk 01:23:30]} {[%emt 00:01:07]} 7. Qf3 {[%clk 01:14:52]}
{[%emt 00:00:57]} Re8 {[%clk 01:21:42]} {[%emt 00:02:19]} 8. Nge2 {[%clk
01:14:34]} {[%emt 00:00:48]} Bxc3 {[%clk 01:20:13]} {[%emt 00:01:58]} 9. Bxc3
{[%emt 00:06:47]} exd5 {[%clk 01:18:32]} {[%emt 00:02:09]} 10. exd5 {[%clk
01:06:32]} {[%emt 00:02:17]} Ba6 {[%clk 01:15:19]} {[%emt 00:03:41]} 11. Bxa6
{[%clk 01:04:11]} {[%emt 00:02:54]} Nxa6 {[%clk 01:15:32]} {[%emt 00:00:17]}
12. O-O {[%clk 01:04:09]} {[%emt 00:00:32]} Nc5 {[%clk 01:13:04]} {[%emt
00:02:56]} 13. Rfe1 {[%clk 01:03:04]} {[%emt 00:01:37]} Nce4 {[%clk 01:11:47]}
{[%emt 00:01:47]} 14. Rad1 {[%clk 01:02:33]} {[%emt 00:01:00]} Qe7 {[%clk
01:08:20]} {[%emt 00:03:57]} 15. h3 {[%clk 01:01:58]} {[%emt 00:01:06]} Nxc3
{[%clk 01:06:03]} {[%emt 00:02:46]} 16. Nxc3 {[%clk 01:02:08]} {[%emt
00:00:20]} Qb4 {[%clk 01:01:42]} {[%emt 00:04:51]} 17. b3 {[%clk 00:58:28]}
{[%emt 00:04:12]} h6 {[%emt 00:08:59]} 18. Re3 {[%clk 00:51:53]} {[%emt
00:01:09]} Rxe3 {[%clk 00:49:46]} {[%emt 00:09:52]} 19. Qxe3 {[%clk 00:52:02]}
{[%emt 00:00:20]} Re8 {[%clk 00:50:07]} {[%emt 00:00:08]} 20. Qg3 {[%clk
00:51:32]} {[%emt 00:01:01]} d6 {[%clk 00:47:28]} {[%emt 00:03:09]} 21. a4
{[%clk 00:49:45]} {[%emt 00:02:17]} Ne4 {[%clk 00:46:29]} {[%emt 00:01:29]} 22.
Nxe4 {[%clk 00:49:48]} {[%emt 00:00:27]} Qxe4 {[%clk 00:46:13]} {[%emt
00:00:46]} 23. Qc3 {[%clk 00:49:48]} {[%emt 00:00:30]} Re7 {[%clk 00:46:02]}
{[%emt 00:00:42]} 24. Kf1 {[%clk 00:48:34]} {[%emt 00:01:44]} Qe2+ {[%clk
00:46:18]} {[%emt 00:00:14]} 25. Kg1 {[%clk 00:48:56]} {[%emt 00:00:08]} Qxd1+
{[%clk 00:46:38]} {[%emt 00:00:09]} 26. Kh2 {[%clk 00:49:21]} {[%emt 00:00:04]}
Qe1 {[%clk 00:46:45]} {[%emt 00:00:23]} 27. Qg3 {[%clk 00:48:23]} {[%emt
00:01:28]} Qe5 {[%clk 00:46:56]} {[%emt 00:00:19]} 28. f4 {[%clk 00:48:34]}
{[%emt 00:00:19]} Qxd5 {[%clk 00:47:13]} {[%emt 00:00:14]} 29. Qg4 {[%clk
00:45:13]} {[%emt 00:03:51]} Qe6 {[%clk 00:46:04]} {[%emt 00:01:38]} 30. Qf3
{[%clk 00:45:25]} {[%emt 00:00:18]} c5 {[%clk 00:46:14]} {[%emt 00:00:20]} 31.
Qa8+ {[%clk 00:45:38]} {[%emt 00:00:17]} Kh7 {[%clk 00:46:34]} {[%emt
00:00:11]} 32. Qf3 {[%clk 00:45:06]} {[%emt 00:00:57]} d5 {[%clk 00:42:42]}
{[%emt 00:04:27]} 33. f5 {[%clk 00:43:14]} {[%emt 00:02:22]} Qd6+ {[%clk
00:41:55]} {[%emt 00:01:18]} 34. g3 {[%clk 00:43:08]} {[%emt 00:00:35]} Qe5
{[%clk 00:42:10]} {[%emt 00:00:15]} 35. Qf2 {[%clk 00:42:02]} {[%emt 00:01:36]}
Qe2 {[%clk 00:42:32]} {[%emt 00:00:08]} 36. Kg2 {[%clk 00:42:09]} {[%emt
00:00:22]} Qxf2+ {[%clk 00:42:32]} {[%emt 00:00:31]} 37. Kxf2 {[%clk 00:42:29]}
{[%emt 00:00:10]} d4 {[%clk 00:42:28]} {[%emt 00:00:33]} 38. h4 {[%clk
00:42:20]} {[%emt 00:00:39]} Re3 {[%clk 00:42:48]} {[%emt 00:00:08]} 39. g4
{[%clk 00:42:40]} {[%emt 00:00:13]} g5 {[%clk 00:43:02]} {[%emt 00:00:16]} 40.
fxg6+ {[%clk 00:42:55]} {[%emt 00:00:15]} fxg6 {[%clk 00:43:12]} {[%emt
00:00:20]} 41. g5 {[%clk 00:43:11]} {[%emt 00:00:14]} hxg5 {[%clk 00:43:32]}
{[%emt 00:00:10]} 42. hxg5 {[%clk 00:43:21]} {[%emt 00:00:20]} Kg7 {[%clk
00:43:54]} {[%emt 00:00:07]} 43. Kf1 {[%clk 00:43:44]} {[%emt 00:00:06]} Kf7
{[%clk 00:44:18]} {[%emt 00:00:07]} 44. Kf2 {[%clk 00:44:06]} {[%emt 00:00:08]}
Ke6 {[%clk 00:44:42]} {[%emt 00:00:06]} 45. Kf1 {[%clk 00:44:00]} {[%emt
00:00:35]} Kd5 {[%clk 00:44:55]} {[%emt 00:00:18]} 46. Kf2 {[%clk 00:44:15]}
{[%emt 00:00:14]} c4 {[%clk 00:45:11]} {[%emt 00:00:15]} 47. b4 {[%clk
00:44:06]} {[%emt 00:00:39]} c3 {[%clk 00:45:35]} {[%emt 00:00:05]} 48. b5
{[%clk 00:44:25]} {[%emt 00:00:11]} Kc4 {[%clk 00:45:58]} {[%emt 00:00:08]} 49.
Kf1 {[%clk 00:44:30]} {[%emt 00:00:24]} Kb4 {[%clk 00:46:20]} {[%emt 00:00:09]}
50. Kf2 {[%clk 00:44:51]} {[%emt 00:00:09]} Kxa4 {[%clk 00:46:44]} {[%emt
00:00:06]} 51. Kf1 {[%clk 00:45:14]} {[%emt 00:00:07]} Kxb5 {[%clk 00:47:06]}
{[%emt 00:00:08]} 52. Kf2 {[%clk 00:45:39]} {[%emt 00:00:05]} a5 {[%clk
00:47:29]} {[%emt 00:00:08]} 53. Kf1 {[%clk 00:45:31]} {[%emt 00:00:37]} a4
{[%clk 00:47:54]} {[%emt 00:00:05]} 54. Kg2 {[%clk 00:45:48]} {[%emt 00:00:12]}
a3 {[%clk 00:48:19]} {[%emt 00:00:06]} 55. Kf1 {[%clk 00:46:10]} {[%emt
00:00:08]} a2 {[%clk 00:48:44]} {[%emt 00:00:06]} 56. Kf2 {[%clk 00:46:34]}
{[%emt 00:00:05]} a1=Q {[%clk 00:49:05]} {[%emt 00:00:08]} 57. Kg2 {[%clk
00:46:53]} {[%emt 00:00:12]} Qd1 {[%clk 00:49:28]} {[%emt 00:00:06]} 58. Kf2
{[%clk 00:46:50]} {[%emt 00:00:33]} Qd2+ {[%clk 00:49:50]} {[%emt 00:00:07]}
59. Kf1 {[%clk 00:47:06]} {[%emt 00:00:15]} Re1# {[%clk 00:50:15]} {[%emt
00:00:05]} 0-1